00591nam a2200193Ia 450000500170000000800410001702000230005804000190008104100120010008200130011210000200012524501090014526000400025430000150029450400320030965000250034170000210036685000100038720240321111653.0131103s9999 xx 000 0 und d a8177581201c195.00 aLoreto College aEnglish a510bKOL aKolman, Bernard aDiscrete mathematical structurescBernard Kolman, Robert C. Bushby, Sharon Cutler Ross, Nadeem-ur-Rehman aNew DelhibPearson Educatiionc2004 axvii,520p  aIncludes glossary and index aDiscrete Mathematics aBusby, Robert C. aLCLIB